000
00265nam a22001217a 4500
008
180224b xxu||||| |||| 00| 0 eng d
041
_a
eng
080
_a
612.39
100
_a
10
101
_a
SHU
245
_a
Semanee Cook Book
_c
Washington, G.A
942
_2
udc
_c
BK
999
_c
43377
_d
43377